| 000 | 00703nam a2200181 i 4500 | ||
|---|---|---|---|
| 001 | 127932 | ||
| 003 | ES-MaACL | ||
| 005 | 20251005063114.0 | ||
| 007 | t| | ||
| 008 | 070214s1911 sp r ||||1| spa d | ||
| 100 | 1 |
_aRioja y Martín, José, _d1866-1945 _997351 |
|
| 245 | 1 | 3 |
_aLa Estación de Biología Marítima de Santander _b: memoria publicada con motivo del XXV aniversario de su creación / _cJosé Rioja Martín. |
| 260 |
_aSantander : _b[s.n.], _c1911 ( _fTip. de J. Martínez) |
||
| 300 |
_a49 p : _b.il. ; _c24 cm. |
||
| 610 | 2 | 4 |
_aEstación de Biología Marítima de Santander. _9164682 |
| 852 |
_aES-MaACL _jT-1330-F-4 _z.- Ded. ms. de Alberto Segovia |
||
| 999 |
_c127932 _d127932 |
||